| 000 | 00820nam a2200217 a 4500 | ||
|---|---|---|---|
| 005 | 20210223132952.0 | ||
| 008 | 160606s2014 mx r 000 0 spa d | ||
| 020 | _a9786074953565 | ||
| 035 | _aUPN01000211156 | ||
| 049 | _aI | ||
| 050 | 4 |
_aPQ7296 J6 _bL4.7 |
|
| 100 | 1 |
_aLeefmans Zurita, María Eugenia, _d1944- _939454 |
|
| 245 | 1 | 0 |
_aTú, que intentas volar : _bcuéntame de Sor Juana Inés de la Cruz / _cMaría Eugenia Leefmans ; il. Irma Bastida Herrera ; tr. al inglés María Antonieta Gutiérrez. |
| 260 |
_aMéxico : _bFOEM : _bGobierno del Estado de México, _c2014 |
||
| 300 |
_a[72] p. : _bil. col. |
||
| 440 | 0 |
_aLectores niños y jóvenes. _pLiteratura juvenil |
|
| 500 | _aTexto en español e inglés | ||
| 600 | 0 | 4 |
_aJUANA INES DE LA CRUZ, _cSOR, _d1651-1695 |
| 905 | _aInfantil | ||
| 999 |
_c183257 _d183257 |
||